000 00273nam a22001217a 4500
999 _c162862
_d162862
082 _a
_b
245 _aMethods of guidance/
_cby Vashist S R (ed.).
260 _aNew Delhi:
_bAnmol,
_c1993.
300 _a469p.
650 _a
700 _aVashist S R (ed.)
942 _cBK